| 000 | 00339nam a22001337a 4500 | ||
|---|---|---|---|
| 999 |
_c69016 _d69013 |
||
| 082 | _aDAH | ||
| 100 | _aDahari Bashir Ahmed | ||
| 245 | _aSindh Irrigation Engineering History Theory and Practice | ||
| 260 |
_aKarachi _bPea Cock Pub _c2024 |
||
| 300 | _a338p. | ||
| 650 | _aIrrigation | ||
| 650 | _aIrrigation Engineering | ||
| 942 | _cBK | ||